000 00718nam a22002890a 4500
001 UByD001378
003 AR-LpoUNG
005 20230422095831.0
008 230420s2022||||ag |||||||||||||||||spa d
020 _a9789878860473
040 _aAR-LpoUNG
_bspa
_cAR-LpoUNG
_eaacr
041 _aspa
044 _aag
082 0 _aA863 117mon
100 1 _aCabrera, Carlos Alberto
245 1 3 _aEl monje negro del apocalipsis
250 _a1ra. ed.
260 _aSan Miguel :
_bCaballitos de Ajedrez,
_c2022.
300 _a262 p.
650 4 _aARGENTINA
650 4 _aLITERATURA
650 4 _aNOVELA
653 4 _aLITERATURA ARGENTINA
653 4 _aAUTORES LOCALES
905 _a55627
942 _cLIB
_2ddc
999 _c63935
_d63935